00505nam a2200169Ia 450000500170000000800410001702000180005808200130007610000160008924500200010526000470012530000130017250000340018594200060021995200950022599900150032020241107023339.0240331s9999 xx 000 0 und d a9789550000029 bGUNa823 aGunaratne,H 4aThe sucide club aAhangamabSri Serendipity Publishing House a269 p ., aA Virgin Tea Planters journey cL 001040708LaWERCLbWERCLcSSCd2024-03-31l0o 823 GUNp6629r2024-03-31w2024-03-31yL c5649d5649